000 00504nam a2200181Ia 4500
003 GCL
008 140319s9999 xx 000 0 ara d
040 _aGCL /
_cGCL
082 0 4 _a246
_bم م
100 1 _aمحمد عمارة
245 1 0 _aالمعتزلة ومشكلة الحرية الانسانية /
_cمحمد عمارة
260 _a[S.N] :
_bدار الشروق ،
_c1988
300 _a201 ص
490 _a
650 0 4 _aالحرية
650 0 4 _aتصوف اسلامى
942 _2ddc
_cBK
999 _c52358
_d52358